000 00278nam a22001337a 4500
008 171124b xxu||||| |||| 00| 0 eng d
020 _a9780137004096
041 _aeng
080 _a54
100 _a12
101 _aKIM
245 _aPROCESS QUALITY
_cCAPT
942 _2udc
_cBK
999 _c38464
_d38464